000 00524cam a2200217 a 4500
001 3313213
005 20180130053720.0
008 840208s1984 nyu 001 0 eng
010 _a 84003746
020 _a0030621577
040 _aDLC
_cDLC
_dDLC
041 _aeng
043 _an-us---
080 _a305.5
082 0 0 _a305.5 HAR
_219
100 1 _a19
101 _aSHP
245 1 4 _aThe new American poverty /
_cMichael Harrington.
906 _a7
_bcbc
_corignew
_d1
_eocip
_f19
_gy-gencatlg
942 _2ddc
_cBK
999 _c41274
_d41274